000 00504nam a2200181Ia 4500
005 20250326123545.0
008 250326s9999 xx 000 0 und d
037 _aTextbook
040 _aFMSL
_beng
_cFMSL
041 _aeng
_2eng
084 _aB2893P L11
_qFMSL
100 _aKim C
_997655
245 0 _aIntroduction to linear programming
_cKim C
260 _aNY Holt
_bNY Holt, Rinehart and Winston
_c1971
300 _a556p
942 _cTB
_hB2893P L11
999 _c1269907
_d1269907